¿Qué es el desarrollo local integral ?/
El documento trata el tema del desarrollo local, la concientización, la organización, el diagnostico y la planificación para lograr e impulsar el desarrollo local integral.
محفوظ في:
| المؤلف الرئيسي: | |
|---|---|
| التنسيق: | كتاب |
| اللغة: | Spanish |
| منشور في: |
San Salvador, El Salvador
IBIS Dinamarca - Programa El Salvador
1998
|
| الموضوعات: | |
| الوسوم: |
إضافة وسم
لا توجد وسوم, كن أول من يضع وسما على هذه التسجيلة!
|
MARC
| LEADER | 00000nam a22000007a 4500 | ||
|---|---|---|---|
| 003 | cru CIDCACS/IIS | ||
| 005 | 20230804062554.0 | ||
| 008 | 180322e1998 es a|||| |||| 00| 0 spa d | ||
| 040 | |c cru CIDCACS/IIS | ||
| 090 | |a 02.01.01 C216q | ||
| 100 | 1 | |9 6832 |a Canda, Jorge | |
| 245 | 1 | 2 | |a ¿Qué es el desarrollo local integral ?/ |c Elaborado por Jorge Canda ; equipo de edición y diseño Francisco Astacio, Luis Hernández y Alfonso Delgado |
| 260 | 1 | 0 | |a San Salvador, El Salvador |b IBIS Dinamarca - Programa El Salvador |c 1998 |
| 300 | |a 37 páginas | ||
| 500 | |a Colección Alforja | ||
| 520 | 3 | |a El documento trata el tema del desarrollo local, la concientización, la organización, el diagnostico y la planificación para lograr e impulsar el desarrollo local integral. | |
| 650 | 1 | 0 | |9 377 |a DESARROLLO DE LA COMUNIDAD |
| 650 | 1 | 0 | |9 639 |a CRECIMIENTO ECONOMICO |
| 650 | 1 | 0 | |9 3156 |a DESCENTRALIZACION |
| 650 | 0 | |9 5306 |a DESARROLLO HUMANO | |
| 650 | 1 | 0 | |9 2849 |a DESARROLLO REGIONAL |
| 650 | 1 | 0 | |a POLITICAS DE DESARROLLO |9 3369 |
| 942 | |2 ddc |c LI |h 02.01.01 C216q |i 19684 |6 020101_C216Q_19684 | ||
| 999 | |c 41181 |d 41181 | ||
